The Great Transformation: The Beginning of Our Religious Traditions (Record no. 533286)

000 -LEADER
fixed length control field 00476nam a22001817a 4500
003 - CONTROL NUMBER IDENTIFIER
control field NUST
005 - DATE AND TIME OF LATEST TRANSACTION
control field 20191219121243.0
008 - FIXED-LENGTH DATA ELEMENTS--GENERAL INFORMATION
fixed length control field 191219b ||||| |||| 00| 0 eng d
020 ## - INTERNATIONAL STANDARD BOOK NUMBER
International Standard Book Number 0385721242
024 ## - OTHER STANDARD IDENTIFIER
Standard number or code 978-0385721240
038 ## - RECORD CONTENT LICENSOR
Staff Name MSOHAIL
082 ## - DEWEY DECIMAL CLASSIFICATION NUMBER
Classification number 200.9014
100 ## - MAIN ENTRY--PERSONAL NAME
Personal name Karen Armstrong
9 (RLIN) 4608
245 ## - TITLE STATEMENT
Title The Great Transformation: The Beginning of Our Religious Traditions
260 ## - PUBLICATION, DISTRIBUTION, ETC.
Place of publication, distribution, etc. NewYork
Name of publisher, distributor, etc. Alfred A
Date of publication, distribution, etc. c2006
300 ## - PHYSICAL DESCRIPTION
Extent 469;p;xv
942 ## - ADDED ENTRY ELEMENTS (KOHA)
Source of classification or shelving scheme
Koha item type Book
Holdings
Withdrawn status Lost status Source of classification or shelving scheme Damaged status Not for loan Permanent Location Current Location Date acquired Total Checkouts Full call number Barcode Date last seen Price effective from Koha item type
          School of Civil and Environmental Engineering (SCEE) School of Civil and Environmental Engineering (SCEE) 12/19/2019   200.9014 NIT-8867 12/19/2019 12/19/2019 Book
© 2023 Central Library, National University of Sciences and Technology. All Rights Reserved.